00796nam a2200253Ia 450000500170000000800410001702000150005804000180007304100080009108200230009910000210012224500660014325000120020926000430022130000270026465000420029165000350033365000290036865000280039765000280042565000330045365000340048670000220052020250203095610.0210716s1989 xx 000 0 und d a8170290902 cAIMIT LIBRARY aeng a005.7401 21bPERJ aPerry, James T . aUnderstanding oracle /cBy James T Perry and Joseph G Lateer. a1st ed. aNew Delhi :bBPB Publications ,c1989. axxx, 634p.;cPBb22cm. aOracle: the right tools for many jobs aInstalling professional oracle aDefining and using views aOperators and functions aUnderstanding sql forms aMintaining database security aOptimizing system performance aLateer, Joseph G.